000 01049nam a22003011i 4500
001 bslw10113313
005 20240305165702.0
006 m o d
007 cr un ---uuuua
008 231229t20232023sp ad ob 000 0 spa d
020 _a9788411702201
035 _a41921
040 _aUtOrBLW
_beng
_erda
_cUtOrBLW
050 4 _aLB1027
_b.E44 2023
082 0 4 _a371.102
_223
245 0 0 _aElementos de innovación docente en ciencias sociales, jurídicas y otras disciplinas con contenido normativo /
_cCarlos María López Espadafor, Director.
264 1 _aMadrid :
_bDykinson, S.L.,
_c[2023]
264 4 _c©2023
300 _a1 online resource (807 pages) :
_bcolor illustrations, charts
336 _atext
_btxt
_2rdacontent
337 _acomputer
_bc
_2rdamedia
338 _aonline resource
_bcr
_2rdacarrier
504 _aIncludes bibliographical references.
650 0 _aEducational innovations.
700 1 _aLópez Espadafor, Carlos María,
_eeditor.
856 4 0 _uhttps://app.vlex.com/#/sources/41921
942 _cRAA
999 _c173492
_d173492